<?xml version="1.0" encoding="UTF-8"?>
<collection xmlns:xsi="http://www.w3.org/2001/XMLSchema-instance" xsi:schemaLocation="http://www.loc.gov/MARC21/slim http://www.loc.gov/standards/marcxml/schema/MARC21slim.xsd" xmlns="http://www.loc.gov/MARC21/slim">
 <record>
  <leader>00000cam a22000003i 4500</leader>
  <controlfield tag="001">UP-1685594773862019750</controlfield>
  <controlfield tag="003">Buklod</controlfield>
  <controlfield tag="005">20160129122226.0</controlfield>
  <controlfield tag="006">g||| |     ||   ||</controlfield>
  <controlfield tag="007">ta</controlfield>
  <controlfield tag="008">160129s1971    xx af   rb   |||1 u|eng d</controlfield>
  <datafield tag="035" ind1=" " ind2=" ">
   <subfield code="a">(iLib)UPBAG-00019576889</subfield>
  </datafield>
  <datafield tag="040" ind1=" " ind2=" ">
   <subfield code="a">DLC</subfield>
   <subfield code="d">BAG</subfield>
   <subfield code="e">rda</subfield>
  </datafield>
  <datafield tag="041" ind1="1" ind2=" ">
   <subfield code="a">eng</subfield>
   <subfield code="h">fre</subfield>
  </datafield>
  <datafield tag="090" ind1=" " ind2="0">
   <subfield code="a">HS 294</subfield>
   <subfield code="b">C54 1971</subfield>
  </datafield>
  <datafield tag="100" ind1="1" ind2=" ">
   <subfield code="a">Chesneaux, Jean</subfield>
   <subfield code="e">author.</subfield>
  </datafield>
  <datafield tag="240" ind1="1" ind2="0">
   <subfield code="a">Societes secretes en Chine.</subfield>
   <subfield code="l">English</subfield>
  </datafield>
  <datafield tag="245" ind1="1" ind2="0">
   <subfield code="a">Secret societies in China in the nineteenth and twentieth centuries</subfield>
   <subfield code="c">Jean Chesneaux ; translated by Gillian Nettle.</subfield>
  </datafield>
  <datafield tag="264" ind1=" " ind2="1">
   <subfield code="a">Hong Kong</subfield>
   <subfield code="b">Heinemann Educational Books (Asia) Ltd</subfield>
   <subfield code="c">1971.</subfield>
  </datafield>
  <datafield tag="300" ind1=" " ind2=" ">
   <subfield code="a">xii, 210 pages, 16 unnumbered pages of plates</subfield>
   <subfield code="b">illustrations</subfield>
   <subfield code="c">22 cm</subfield>
  </datafield>
  <datafield tag="500" ind1=" " ind2=" ">
   <subfield code="a">English edition.</subfield>
  </datafield>
  <datafield tag="500" ind1=" " ind2=" ">
   <subfield code="a">Translation of Les societes secretes en Chine.</subfield>
  </datafield>
  <datafield tag="504" ind1=" " ind2=" ">
   <subfield code="a">Includes bibliographical references (pages 193-200) and indexes.</subfield>
  </datafield>
  <datafield tag="505" ind1="0" ind2=" ">
   <subfield code="a">Introduction: from the Confucian Order to the people's China -- Documentary material -- The Confucian Order c.1840 -- A complete conventional system -- 100 years of invasions and revolutions -- Chapter 1: A secret society: the triad -- An initiation ceremony (Singapore, 1824) -- 'Restore the Hung and exterminate the Ch'ing' -- The five legendary founders -- The ritual of initiation -- The oaths -- Signs and secret language -- Justiciary brigands -- The lodges -- A scattering of rival factions -- From strikes to gangsterism -- Chapter 2: a few other societies -- The white lotus (Pai Lien Hui) -- The eight diagrams (Pa-Kua) -- The Nien -- The big sword society (Ta-tao-hui) -- The boxers (I Ho Ch'uan) -- The observance society (Chai Li-hui) -- The vegetarians (Chai-chiao) -- The red beards (Hung Hu-tzu) -- The red spears -- The association of elder brothers (Ko-tao-hui) -- The green band (Ch'ing-Pang) -- The little sword society (Hsiao-tao-hui) -- The golden coins society (Chin-ch'ien-hui) -- The pure tea sect (Ch'ing-ch'a-hui) -- The golden elixir society (Chin-tan-hui) -- The way of fundamental unity (Yi-kuan-tao) -- Chapter 3: Secret societies and Chinese society -- Against the established order -- Political dissidence -- A quasi-patriarchal society -- Official 'commerce tribunals' -- The first feminists -- Social banditry -- A 'code of honour' of the Red Beards -- 'The opposition to his majesty'? -- Religious dissidence -- Theimage of celestial happiness -- The night and the mountain -- Recruitment -- Sun Yat-sen's analysis -- Rural outcasts -- Disbanded troops -- The first Chinese working class -- Doubtful members -- The reaction of imperial power -- A less rigid practice -- Chapter 4: Against imperial power -- The triad in Canton -- The small sword in Changhai -- The dismissal of the emperor -- The T'ai P'ing rebellion -- Were the T'ai P'ing a secret society? -- The origins of the T'ai P'ing -- The Nien uprising -- The White Lotus in Nanking and Shanghai -- The observance society in inner Mongolia -- Chapter 5: Against foreign penetration -- The carving-up of China -- Anti-Christian agitation -- The reawakening of the elder brothers -- The big sword against the Christian West -- The boxer rising -- The boxers' syncretism -- The social framework of the boxers -- National objectives -- Against France in Indo-China -- For monarchic restoration -- The attack on Saigon prison -- Against the Russians in Manchuria -- Chapter 6: In the service of the republican cause -- Under the republican banner -- The Kuomintang and the 'three principles of the people' -- A great revolutionary potential -- Close co-operation -- Inter-penetration: a success -- A setback among the emigres -- A common cause: the example of Ma Fu-yi -- Difficulties of a 'united front' -- Leaders in exile: a little-changed base -- The secret societies' influence on the republican movement -- The 1911 revolution -- Chapter 7: The Chinese revolution (1919-1949) -- The secret societies at the beginning of the workers' struggle -- from alliance with reactionary forces to gangsterism -- In the country: the red spears -- The Communists Party become interested in the red spears -- Guerillas aginst the Japanese -- Mao Tse-tung's appeal to the elder brothers -- Relations sometimes difficult -- Some pro-Japanese secret societies.</subfield>
  </datafield>
  <datafield tag="650" ind1=" " ind2="0">
   <subfield code="a">Secret societies</subfield>
   <subfield code="z">China.</subfield>
  </datafield>
  <datafield tag="700" ind1="1" ind2=" ">
   <subfield code="a">Nettle, Gillian</subfield>
   <subfield code="e">translator.</subfield>
  </datafield>
  <datafield tag="905" ind1=" " ind2=" ">
   <subfield code="a">FO</subfield>
  </datafield>
  <datafield tag="852" ind1="0" ind2=" ">
   <subfield code="a">UPBAG</subfield>
   <subfield code="b">UPBAG-MAIN</subfield>
   <subfield code="h">HS 294 C54 1971</subfield>
  </datafield>
  <datafield tag="942" ind1=" " ind2=" ">
   <subfield code="a">Book</subfield>
  </datafield>
 </record>
</collection>
